00583 2200205 4500001002100000005001700021008004100038020001800079035002400097082001000121090002200131100001800153245008200171250001200253260003100265300002100296500002600317650001300343999002100356YOGYA-0411000000104420110412140649.0 ind  a979-672-894-X 0010-041100000001044 a220.7 a220.7bHar TlDEP aHARUN, Martin aTahun rahmat Tuhanbulasan injil hari Minggu tahun C masa biasacMartin Harun aCet. 1. aYogyakartabKanisiusc2001 a263 hlm.c21 cm. aBibliografi : 258-261 aAl-kitab a2001-299 CB-D.11